000 00207nam a2200085Ia 4500
008 120527s9999 xx 000 0 und d
100 _aCapara, V.G
245 _aPersonality:determinants, dynamics
942 _cBK
999 _c27373
_d27373